000 01421cam a2200277zu 4500
001 88921603
003 FRCYB88921603
005 20251020123445.0
006 m o d
007 cr un
008 251020s2016 fr | o|||||0|0|||fre d
020 _a9782200614645
035 _aFRCYB88921603
040 _aFR-PaCSA
_bfr
_c
_erda
100 1 _aNouschi, Marc
245 0 1 _aPetit Atlas historique du XXe siècle
_c['Nouschi, Marc']
264 1 _bArmand Colin
_c2016
300 _a p.
336 _btxt
_2rdacontent
337 _bc
_2rdamdedia
338 _bc
_2rdacarrier
650 0 _a
700 0 _aNouschi, Marc
856 4 0 _2Cyberlibris
_uhttps://international.scholarvox.com/netsen/book/88921603
_qtext/html
_a
520 _aPlus que jamais, il est nécessaire de connaître le XXe siècle pour comprendre notre présent. Cet ouvrage, devenu un classique, propose en 47 fiches le panorama complet du monde depuis la veille de la Grande Guerre et jusqu'à l'entrée dans le IIIe millénaire. Il offre une vision globale exceptionnelle, qui croise les problématiques et les événements, les mécanismes politiques autant que culturels et économiques. La très riche cartographie de l'ouvrage permet de saisir aisément les rapports conflictuels ou pacifiques entre les acteurs étatiques et d'analyser les dynamiques d'intégration et d'exclusion qui marquent ce siècle.   
999 _c1554280
_d1554280